Pasy Podle Obrázku - Statistics

General Stats
  • This quiz has been taken 128 times
  • The average score is 8 of 15
Answer Stats
Picture Answer % Correct
Írán
84%
Kosovo
81%
Polsko
74%
Izrael
73%
Mongolsko
71%
Jižní Korea
68%
Čína
66%
Indie
62%
Spojené království
46%
Spojené státy
46%
Etiopie
43%
Francie
40%
Itálie
28%
Nový Zéland
22%
Arménie
21%
No matching quizzes found
Score Distribution
Percent of People with Each Score
Percentile by Number Answered
Your Score History
You have not taken this quiz